00385nam a2200145Ia 450000100060000000800410000602000180004704000130006508200160007810000170009424500730011126000370018430000110022154600070023224873140411s9999 xx 000 0 und d a0-223-29884-0 cPK-LaUMT a 268bBAB-M aPierre Babin aMethods:bapproaches for the catechesis of adolescentscPierre Babin aLondon,UK:bBurns & Oates,c1967 a187 p. aEN